MDQL
is popping MORE tags! Check the
thread
!
Quizzes
Events
Quiz Creation
Community
Videos
Private Events
Remove Ads
Sign In
Join for FREE
Feedback
Dark Mode
Quiz Categories
Sports
Geography
Music
Movies
Television
Just For Fun
Miscellaneous
History
Literature
Language
Science
Gaming
Entertainment
Religion
Holiday
For Kids
Quiz Lab
Recent
Popular Today
Quiz Kudos Today
Editor Picks
Curator Picks
Quizzes by...
Day
Popularity
Type
Ratings
Length
Year
Community
Subscriptions
Recent Discussions
Orange Saloon
Badges
Playlists
Quests
Create
Leaderboards
Showdown
Live 5
Trivia Bingo
Activity
Puzzle Library
Sporcle Events
Private Events
Virtual Trivia
Globe League
Become a Host
Pub Owners
SporcleCon
Opinionation
Our Games
Videos
Blog
Mobile Apps
Partnerships
Remove Ads and Go Orange
Feedback
Gaming
Video Games
Board Games
Card Games
Pokémon
Mario
Nintendo
Minecraft
Console
Toys
Legend of Zelda
Gaming
Video Games
Board Games
Card Games
Pokémon
Mario
Nintendo
Minecraft
Console
Toys
Legend of Zelda
Random Quiz
Search Sporcle
×
Quiz Lab
Quiz Lab
Gaming
Kingdom Hearts
Type in answers that appear in a list
Type in answers that appear in a list
Classic
Best Score? Go Orange.
Kingdom Hearts Quotes Stats
Who says which quote?
By
Mikau
10m
28 Questions
441 Plays
441 Plays
441 Plays
Comments
Comments
Give Quiz Kudos
Give Quiz Kudos
-
- Ratings
hide this ad
More Info
Forced Order
Answers have to be entered in order
Answers have to be entered in order
Replay
Link that replays current quiz
Next Quiz
Link to next quiz in quiz playlist
You Got
0%
They Got
Avg Score
85%
Avg Friend Score
Upgrade to see
Score Distribution
Jump to the score distribution portion of the page
Score
0/28
Timer
10:00
0
Plays Today
Quote
Character
% Correct
'That's not true!' The heart may be weak. And sometimes it may even give in. But I've learned that deep down, there's a light that never goes out!
Sora
99.1%
Don't ever forget. Wherever you go, I'm always with you.
Kairi
98%
If two people share one, their destinies become intertwined. They'll remain a part of each other's lives no matter what.
Riku
96.6%
At least I have some! I've become a part of their heart, just as they've become a part of mine. My friends are my power, and I'm theirs!
Ventus
95%
I know it's a lonely place, but you'll be safe. Terra and I will be back to wake you up before you know it.
Aqua
95%
Giving up already? Come on, Sora. I thought you were stronger than that.
Riku
93.9%
In your hand, take this key. So long as you have the makings, then through this simple act of taking. Its wielder you shall one day be.
Terra
93.4%
Behold the endless abyss! Within it lies the heart of all worlds: Kingdom Hearts!
Ansem Seeker of Darkness
93.2%
I'm looking for someone. Hades promised to help. I tried to exploit the power of darkness, but it backfired. I fell into darkness, and couldn’t find the light.
Cloud
93%
Kairi! Remember what you said before? I'm always with you, too. I'll come back to you. I promise!
Sora
91.6%
If you have a dream, don't wait. Act. One of life's little rules. Got it memorized?
Axel
89.6%
Don’t worry. There will always be a door to the light.
King Mickey
88.2%
Good tidings, friends. Today is a momentous day. I am pleased to announce that a new comrade has been chosen to wear the coat.
Xemnas
87.1%
Roxas! We will meet again. And then we can talk about everything. I may not know it's you, and you may not know it's me. But we will meet again. Someday soon. I promise!
Namine
86.6%
Quote
Character
% Correct
A scattered dream that's like a far-
off memory. A far-
off memory that's like a scattered dream. I want to line the pieces up. Yours, and mine.
Sora
85.5%
We may never meet again, but we'll never forget each other.
Leon
84.8%
The χ-
blade is made of your heart too, idiot. If you destroy it, your heart will vanish forever.
Vanitas
84.4%
I need you... to do me a favor. All those hearts that I've captured... Kingdom Hearts... Set them free.
Xion
84.4%
No! My heart belongs to me!
Roxas
84.1%
Darkness rules your heart—it gives me control. Muscle and sinew that once obeyed you now rebels against you. How you can remain here at all confounds the mind.
Master Xehanort
82.8%
Thinking of you, wherever you are. We pray for our sorrows to end, and hope that our hearts will blend. Now I will step forward to realize this wish.
Kairi
82.3%
I'm looking for somebody. Have any of you seen a guy with spiky hair?
Tifa
82.1%
If he were to.. If those powers were to prove too much for him to handle, I want you to bring him back to me at once. It's for his own good.
Master Eraqus
82.1%
Our Kingdom Hearts... Thanks to you, we've collected countless hearts... Can you hear their euphoria? Now, all they need is one more helping from the Keyblade bearer!
Saix
81.9%
Have you been a good boy? Oh, it sounds like you haven't. Sora! Roxas!
Xigbar
78.2%
You're right, light and darkness are eternal. Nothing probably goes on forever, too.
Riku
75.3%
Somewhere in the scraps of memory I have left, you remind me of a boy I once knew. He is very much like you. True to his friends, and kind.
Ansem the Wise
61.7%
Whether you will find your way home to the islands... Whether you will return alone or with your friend... And, whether or not the islands will still be there.
Master Yen Sid
52.4%
Quiz Playlist
Details
Report
Send in Message
Add To Playlist
More Info:
A quiz on certain characters quotes in the Kingdom Hearts series. There are some multiple characters only because they have such good lines.
Classic:
Type in answers that appear in a list
Forced Order:
Answers have to be entered in order
Last Updated: Feb 16, 2017
Quiz Scoreboard
CHALLENGE
Sign Up to Join the Scoreboard
Show All
Scores
Hide
Comments
May contain spoilers
Recently Published
Holiday 10x10 Sorting Gallery
by lukepisani3
Holiday
15m
Two Season TV Shows II
by 123Four
Television
10m
Image Sorting: Flags VI
by Barbecue
Geography
2m
More to Explore
Quiz From the Vault
Featured Blog Post
14 Easter Pick-up Lines to Find Eggs With
hide this ad
You Might Also Like...
Tags
Kingdom Hearts
Today's Top Quizzes in Gaming
Browse Gaming
hide this ad
Today's Top Quizzes in Kingdom Hearts
Browse Kingdom Hearts
Top Contributed Quizzes in Gaming
1
League of Legends Pro Players by Career/Team History
2
Destiny 2 exotic weapons by perk icons
3
Genshin Impact Logic Puzzle
4
Genshin Impact Logic Puzzle Quiz
5
Ultimate Genshin Impact Logic Puzzle (up to 4.3)
6
4x4 Decades: Video Games
7
Genshin murder mystery
8
Who's on the WWE 2K24 Cover?
9
Dead By Daylight Logic Puzzle
10
Image Sorting: Video Game Characters II
Explore More
Trending Topics
Kpop
Harry Potter
Crossword
NBA
Disney
Marvel
Anime
Song
Soccer
Pokémon
Country
Puzzle
NFL
WWE
The Office
hide this ad
More By:
Mikau
Quiz
Plays
Rating
Category
Featured
Created
Kingdom Hearts Quotes
441
2.00
Gaming
Oct 6, 2013
Go to Creator's Profile
Score Distribution
Quiz Creator Spotlight
Mikau
Follow
Send a Message
Quizzes Created
-
Created Quiz Play Count
-
More By This Creator
Popular Quizzes Today
1
Find the US States - No Outlines Minefield
2
Colored Red Africa Blitz
3
Find the 'City' Movie
4
The Countries of the World
5
Find the US States
6
5x2 Blitz: Bands
7
Find the Countries of Europe - No Outlines Minefield
8
US States
More Gaming Quizzes
Language of Games
Published
Trending Quizzes
Colored Red Europe Blitz I
Colored Red Europe Blitz II
Colored Red Africa Blitz II
Colored Red Africa Blitz III
Colored Red Europe Blitz III
Recently Updated
Odd Team Out - Big 4 Players
pecheneg
Quick Pick: 20 Twenties
pecheneg
March Madness Men's Triple Doubles
pecheneg
How Do You Spell That?
pecheneg
Godzilla Movies
pecheneg
Grab Bag: 4-10 Letters
pecheneg
2024 March Madness Bracket
pecheneg
Famous TV Couples
Peacemaker
Champions League XIs: Real Madrid
pecheneg
Largest US Cities 1790-2010
pecheneg
Trending Topics
Kpop
Disney
Marvel
NBA
Harry Potter
Crossword
Anime
Country
Song
Pokémon
Puzzle
WWE
NFL
Soccer
The Office
Your Account Isn't Verified!
In order to create a playlist on Sporcle, you need to verify the email address you used during registration. Go to your
Sporcle Settings
to finish the process.
Report this User
Report this user for behavior that violates our
Community Guidelines
.
Details:
Send Report
Go to the Sporcle.com Mobile Site →
Comments